[Event "YUG-ch"]
[Site "Kladovo"]
[Date "1990.??.??"]
[Round "?"]
[White "Dizdar, Goran"]
[Black "Miljanic, Boro"]
[Result "1-0"]
[WhiteElo "2470"]
[BlackElo "2385"]
[Annotator "Ribli,Z"]
[PlyCount "65"]
[EventDate "1990.02.??"]
[EventType "tourn"]
[EventRounds "15"]
[EventCountry "YUG"]
[EventCategory "9"]
[SourceTitle "CBM 017"]
[Source "ChessBase"]
[SourceDate "1990.08.01"]
[SourceVersion "1"]
[SourceVersionDate "1990.08.01"]
[SourceQuality "1"]

1. Nf3 d6 2. d4 Bg4 3. e4 Nf6 4. Nbd2 $5 e6 5. c3 Be7 6. Bd3 d5 7. O-O dxe4 $6
{7...0-0} 8. Nxe4 Nxe4 9. Bxe4 c6 10. Qb3 Qc7 {10...Qb6!?} 11. Ne5 $1 Bh5 12.
g3 Nd7 13. Bf4 Qc8 14. Nc4 Nf6 15. Bg2 Be2 16. Rfe1 Bxc4 17. Qxc4 O-O 18. Qb3
Rd8 19. Rad1 {+/=} a5 20. c4 a4 21. Qc2 h6 22. Qe2 Bb4 23. Rf1 Rd7 24. Rd3 Bd6
25. Bd2 Bc7 26. Bc3 Ba5 27. d5 $1 Bxc3 {27...cxd5 28.Bxf6! +/-} 28. Rxc3 exd5 {
28...cxd5 29.cxd5, Qe8 30.dxe6, Qxe6 31.Qxe6 +/=} 29. Bh3 d4 30. Rd3 Re7 $2 {
30...c5! +/=} 31. Qxe7 Qxh3 32. Rxd4 Ng4 33. Qh4 1-0

[Event "Bundesliga 0102"]
[Site "Germany"]
[Date "2001.11.25"]
[Round "4.2"]
[White "Bacrot, Etienne"]
[Black "Van Mil, Johan"]
[Result "1-0"]
[WhiteElo "2653"]
[BlackElo "2416"]
[Annotator "Ribli,Z"]
[PlyCount "57"]
[EventDate "2001.10.06"]
[EventType "team-tourn"]
[EventRounds "15"]
[EventCountry "GER"]
[SourceTitle "CBM 087"]
[Source "ChessBase"]
[SourceDate "2002.03.21"]
[SourceVersion "1"]
[SourceVersionDate "2002.03.21"]
[SourceQuality "1"]
[WhiteTeam "Porz"]
[BlackTeam "Heiligenhaus"]
[WhiteTeamCountry "GER"]
[BlackTeamCountry "GER"]

1. d4 g6 2. c4 Bg7 3. Nf3 d6 4. Nc3 Bg4 5. g3 (5. e3) 5... Bxf3 {Dieser
Abtausch ist logisch - sonst spielt Weiß 6.Bg2 und schlägt später mit dem
Läufer auf f3 zurück.} 6. exf3 {Weiß muss wegen seiner schlechten
Bauernstruktur nicht Bange sein. Er kann den Läufer nach g2 entwickeln und
f3-f4 ziehen.} e6 (6... c6 $5) 7. Bg2 (7. h4 h5 8. d5 e5 (8... exd5 9. cxd5
Qe7+ 10. Be3 c5 11. Bb5+ Kf8 12. O-O a6 13. Bg5 Qc7 14. Qa4 {1-0 Lomineishvili,
M-Losev,D/Moscow 1997/EXT 2000 (28)}) 9. Qb3 b6 10. f4 Ne7 11. Bh3 Nd7 12. O-O
O-O 13. fxe5 Nxe5 14. Ne4 Kh8 15. Bd2 {1-0 Maksimenko,A-Hoi,C/Copenhagen 1995/
CBM 46 (37)}) (7. d5) 7... Ne7 (7... d5 8. cxd5 exd5 9. Qb3 $36) 8. d5 {
Weiß gewinnt Raum und verhindert 8...d6-d5.} (8. O-O d5) 8... exd5 (8... e5 9.
O-O O-O 10. f4 $14) 9. cxd5 Nd7 10. O-O O-O 11. h4 {[%cal Gh4h5]} (11. f4 Nc5
12. g4 f5 13. g5 Nc8 14. Be3 Nb6 15. Bd4 {1/2-1/2 Jankovec,I-Petran,P/CSR 1991/
EXT 2002 (15)}) 11... Nb6 12. Bg5 Qd7 $146 (12... h6 13. Bf4 h5 14. g4 c6 15.
dxc6 Nxc6 16. Ne4 d5 17. Ng5 Qf6 18. Bc1 Qd4 19. gxh5 Qxd1 20. Rxd1 gxh5 21. f4
Nd4 22. Be3 Nf5 23. Bxb6 axb6 24. Bxd5 Nxh4 25. Rac1 {1-0 Bacrot,E-Tkachiev,V/
Cannes FRA 2001 (47)}) (12... Bxc3 $6 13. bxc3 Nbxd5 14. f4 $36) 13. Rc1 c6 $6
{Schwarz möchte seine Stellung befreien, aber der Textzug ist nicht besonders
gut. Meiner Meinung nach wäre es besser, die Spannung aufrecht zu erhalten. In
einigen Varianten kann der Pd5 nämlich auch schwach werden.} (13... Bxc3 14.
bxc3 Nexd5 (14... Nbxd5 15. f4 $44) 15. f4 $44) (13... Rfe8 $142 $5) 14. dxc6
bxc6 (14... Nxc6 15. Ne4 $14 Bxb2 $2 16. Bf6 Bxc1 17. Qxc1 {[%cal Rc1h6,Rh6g7]}
Ne7 18. g4 $18) 15. h5 $36 Ned5 16. hxg6 hxg6 17. Nxd5 cxd5 $2 {[%mdl 16384]
Dieser Zug gefällt mir nicht - Schwarz verschlechtert aus freien Stücken seine
Bauernstruktur.} (17... Nxd5 18. f4 $14) 18. Qd2 {[%cal Gg5h6,Gh6g7]} (18. b3
$14) 18... Rac8 {[%cal Gb6c4,Gc4b2,Gc4d2]} 19. b3 d4 20. Bh6 {Eine gute
strategische Idee: Weiß tauscht den schwarzfeldrigen Läufer und damit eine
wichtige Verteidigungsfigur des Pd4 ab.} Bxh6 21. Qxh6 {[%csl Rg8,Gh6][%cal
Rg2h3,Rh3c8]} Rc3 (21... Rxc1 22. Rxc1 Rc8 23. Rd1 Qf5 24. Rxd4 $16) 22. Rce1 {
[%cal Re1e4,Re4h4,Rh4h8] Droht 23.Re4 nebst 24.Rh4.} d5 23. Bh3 Qd8 24. Re6 $1
$16 {[%mdl 64]} Rxf3 (24... fxe6 25. Bxe6+ Rf7 26. Qxg6+ $18) (24... Rc7 25.
Rfe1 fxe6 26. Bxe6+ Rff7 27. Qxg6+ Kf8 28. Qh6+ Kg8 (28... Rg7 29. Qh8+ $18)
29. Re5 $18) {[#]} 25. Kg2 $1 {[%cal Gf1h1,Gh1h8]} Rf6 (25... fxe6 26. Qxg6+
Kh8 27. Rh1 Rxf2+ 28. Kg1 $18) 26. Rh1 $1 Rxf2+ (26... fxe6 27. Bxe6+ $18) (
26... Rxe6 27. Bxe6 $18) 27. Kg1 $5 (27. Kxf2 fxe6+ 28. Kg2 $18) 27... Qc7 28.
Rxg6+ $1 fxg6 29. Be6+ 1-0

[Event "Lyon zt"]
[Site "Lyon"]
[Date "1990.??.??"]
[Round "1"]
[White "Meulders, Richard"]
[Black "Seret, Jean Luc"]
[Result "0-1"]
[WhiteElo "2320"]
[BlackElo "2405"]
[Annotator "Ribli,Z"]
[PlyCount "96"]
[EventDate "1990.04.??"]
[EventType "tourn"]
[EventRounds "13"]
[EventCountry "FRA"]
[EventCategory "8"]
[SourceTitle "CBM 018"]
[Source "ChessBase"]
[SourceDate "1990.10.01"]
[SourceVersion "1"]
[SourceVersionDate "1990.10.01"]
[SourceQuality "1"]

1. d4 d6 2. c4 e5 3. dxe5 dxe5 4. Qxd8+ Kxd8 5. Nc3 {5.Nf3, f6 6.Nc3, Be6 7.b3
Tisdall,J-Hodgson,Ju Reykjavik 1989 CBM/13 5.Nf3, f6 6.Nc3, Na6 7.Bd2, Be6 8.
e3, Nc5 9.0-0-0, Nh6 10.Rg1, a5 11.e4 +/= Meulders-Hort Haifa 1989 i 48/(67)}
Be6 {5...c6 6.Nf3, f6 7.g3, Be6 8.b3, Nd7 9.Bg2, Kc7 10.0-0, Ne7 11.Bb2, Nc5
12.Rac1, a5 = Toran-Schmid Siegen ol 1970} 6. b3 Nd7 7. g3 c6 {7...Bb4 8.Bd2,
c6 9.Bh3!, Bxh3 10.Nxh3, f6?! 11.f3, Ngf6 12.Nf2, Ba3 13.Rd1, Kc7 14.e3!, +/=
Gheorghiu-Miles Ostende 1988 i 46/(69)} 8. Bh3 Bxh3 9. Nxh3 Ngf6 10. f3 Bb4 11.
Bd2 Ke7 12. g4 $6 Nc5 13. g5 Nfd7 14. Nd5+ cxd5 15. Bxb4 dxc4 16. Rc1 a5 $1 17.
Bxc5+ {17.Ba3, b5 18.bxc4, b4 =/+} Nxc5 18. Rxc4 Rac8 19. Kd2 b5 $1 20. Rc2
Rhd8+ 21. Ke3 Na6 22. Rhc1 Rxc2 23. Rxc2 Nb4 24. Rc5 Rd5 $1 25. Rxd5 Nxd5+ 26.
Kd2 b4 27. e4 Nc7 {27...Nc3? 28.e4!} 28. Kd3 Kd6 29. Kc4 Kc6 30. f4 Ne6 $1 31.
f5 {31.fxe5!?} Nd4 32. Nf2 Ne2 33. Ng4 Kd6 34. Kb5 Nc3+ 35. Kxa5 Nxa2 36. Ne3
Kc5 37. Nc4 Kd4 38. Nd6 f6 39. gxf6 gxf6 40. Ka4 Kc5 41. Nb7+ Kc6 42. Nd8+ Kd7
43. Ne6 Kd6 44. Kb5 Nc3+ 45. Kxb4 Nxe4 46. Ka5 Nc5 $1 47. Nxc5 Kxc5 48. b4+ Kc4
0-1

[Event "Prague Bohemians-A"]
[Site "Prague"]
[Date "1990.??.??"]
[Round "?"]
[White "Schmidt, Wlodzimierz"]
[Black "Klaric, Zlatko"]
[Result "1-0"]
[WhiteElo "2465"]
[BlackElo "2400"]
[Annotator "Ribli,Z"]
[PlyCount "37"]
[EventDate "1990.01.??"]
[EventType "tourn"]
[EventRounds "13"]
[EventCountry "CZE"]
[EventCategory "8"]
[SourceTitle "CBM 017"]
[Source "ChessBase"]
[SourceDate "1990.08.01"]
[SourceVersion "1"]
[SourceVersionDate "1990.08.01"]
[SourceQuality "1"]

1. Nf3 d6 2. d4 Bg4 3. c4 c6 $6 4. Nc3 Nd7 5. e4 e5 6. Be2 $1 {6.d5!?, Be7 7.
Be2 Schlemermeyer,W-Hausner,I Rilton Cup 1988  CBM/11} Be7 7. Be3 Bxf3 8. Bxf3
Bg5 9. Bxg5 Qxg5 10. d5 $1 Qe7 {10...c5? 11.Nb5 +/-} 11. dxc6 bxc6 12. Qa4 Nb8
13. O-O Nf6 14. Nd5 $1 {+/-} Qd8 15. Nxf6+ Qxf6 16. Rfd1 {>< d6} O-O 17. Rd2
Rd8 18. Rad1 {/\ c5} c5 $2 19. Rxd6 $1 1-0

[Event "Bled op 13th"]
[Site "Bled"]
[Date "1992.??.??"]
[Round "8"]
[White "Farago, Ivan"]
[Black "Nevednichy, Vladislav"]
[Result "1-0"]
[WhiteElo "2520"]
[BlackElo "2470"]
[Annotator "Ribli,Z"]
[PlyCount "71"]
[EventDate "1992.03.??"]
[EventType "swiss"]
[EventRounds "9"]
[EventCountry "SLO"]
[SourceTitle "CBM 029"]
[Source "ChessBase"]
[SourceDate "1992.08.01"]
[SourceVersion "1"]
[SourceVersionDate "1992.08.01"]
[SourceQuality "1"]

1. d4 d6 2. Nf3 Bg4 3. e4 Nf6 4. Nc3 e6 5. h3 Bh5 6. Qe2 c6 $6 (6... a6 $1 7.
g4 Bg6 8. h4 h5 9. g5 Nfd7 10. Be3 (10. Bh3 b5 11. a3 Be7 12. Bf4 Nb6 13. Bg3
c6 14. O-O O-O 15. Nd2 d5 $13 {Polgar,Zsu-Anand,V Amsterdam OHRA-B 1990 CBM/20}
) 10... b5 11. Nd2 Nb6 12. Bh3 b4 13. Nd1 d5 14. f3 Nc6 15. c3 Be7 $13 {
Berg,K-Jansa,V Herning 1991 EXP/27}) 7. g4 Bg6 8. h4 h6 (8... h5 9. g5 Nfd7 10.
Bh3 Be7 11. Be3 d5 12. Nd2 Nb6 13. f4 dxe4 14. Ncxe4 $14 {Goldin,A-Okhotnik,V
Kusadasi op 1990 49/68  EXP/18}) 9. h5 Bh7 10. g5 hxg5 11. Nxg5 (11. Bxg5 Be7 (
11... Qa5 $5) 12. h6 $1 Rg8 13. hxg7 Rxg7 14. O-O-O Nbd7 15. e5 Nd5 16. Nxd5
cxd5 17. Bxe7 Qxe7 18. Qe3 $14 {Finegold,B-Hartoch,R Dieren op 1990 52/(62)
EXP/19}) 11... d5 12. e5 Ng8 13. Bh3 Nh6 14. Nxh7 Rxh7 15. Qd3 Rh8 16. Be3 Qa5
17. O-O-O Qa6 18. Qd2 Nd7 19. Bg5 b5 20. Qd3 Nb6 21. Kb1 Qb7 (21... Nc4 $5) 22.
Ne2 Qd7 23. f4 Nc8 24. Bxh6 $1 Rxh6 25. f5 Nb6 26. fxe6 fxe6 27. Nf4 O-O-O 28.
Rhg1 Kb7 29. Rg6 Re8 30. Nxe6 Rxe6 31. Bxe6 Qd8 32. Rxh6 gxh6 33. Qh7+ Ka6 34.
Rf1 Qh4 35. Qc7 Bb4 36. Bc8+ 1-0

[Event "Jakarta Gunadarma"]
[Site "Jakarta"]
[Date "1996.??.??"]
[Round "5"]
[White "Portisch, Lajos"]
[Black "Krasenkow, Michal"]
[Result "1-0"]
[WhiteElo "2600"]
[BlackElo "2605"]
[Annotator "Ribli,Z"]
[PlyCount "115"]
[EventDate "1996.10.15"]
[EventType "tourn"]
[EventRounds "9"]
[EventCountry "INA"]
[EventCategory "13"]
[SourceTitle "CBM 056"]
[Source "ChessBase"]
[SourceDate "1997.02.01"]
[SourceVersion "1"]
[SourceVersionDate "1997.02.01"]
[SourceQuality "1"]

1. d4 {Ftacnik} g6 2. c4 Bg7 3. Nc3 d6 4. Nf3 Bg4 5. e3 c6 {Zu passiv} (5...
Nc6 $5 6. Be2 e5) 6. h3 (6. Be2 {Ftacnik}) 6... Bxf3 7. Qxf3 Nf6 8. g3 $5 Nbd7
9. Bg2 O-O 10. O-O $14 {Weiss beherrscht das Zentrum und ist im Besitz des
Läuferpaares, deshalb steht er besser. Diese Stellung und die ganze Partie hat
königsindischen Chrakter.Ribli.} e5 (10... Qb6 $5 {Ftacnik} 11. Rd1 Qb4 12. Qe2
Nb6 13. Bf1 d5 14. c5 $14) 11. d5 cxd5 (11... c5 {Ftacnik} 12. e4 $14) 12. cxd5
{Jetzt haben wir eine geschlossene Stellung, in der das weiße Läuferpaar noch
nicht so gut arbeiten kann. Deswegen hat Schwarz kein konkretes Ziel für sein
Spiel.Ribli.} h5 $5 (12... Qb6 {Ftacnik} 13. e4 Rac8 $13) 13. e4 Kh7 {Schwarz
verfolgt eine gute Strategie. Er droht 14...Bh6 zu spielen, um den schlechten
königsindischen Läufer zu tauschen.Ribli.} 14. h4 Qb6 $6 (14... Bh6 $5 15. Bxh6
(15. Bg5 $2 Bxg5 16. hxg5 Ng4) 15... Kxh6 16. Qe3+ (16. Rac1 $14 {Ftacnik})
16... Kg7 17. Nb5 Nb6) 15. Bh3 {This bishop will decide the game, he prevents
Rc8 as well as f7-f5. Dieser Läufer wird die Partie entscheiden. Er verhinert
sowohl Rc8 als auch f7-f5.} Nc5 (15... Bh6 16. Bg5) 16. Rb1 a5 {Dieser Zug
stabilisiert die Position des Nc5, zugleich wird jedoch der Punkt b5
geschwächt. Ribli.} (16... Qb4 {Ftacnik} 17. Re1 Na4 18. a3 Qb3 19. Qd1 Qxd1
20. Nxd1 Nc5 21. f3 Nd3 22. Re2 $16) 17. Bg5 Ng8 18. Be3 {Jetzt droht 19.Na4.
Ribli.} Qb4 19. Rfd1 $1 {Ein Zug mit vielseitigen Qualitäten! Er öffnet die
Diagonale f1-a6 für den Bh3 und hilft möglicherweise auch dem weißen d-Bauern.
Ribli.} b6 (19... Bh6 20. a3 Qc4 21. Bf1 Qb3 22. Bxc5 dxc5 23. d6 $16) (19...
a4 {Ftacnik} 20. a3 Qa5 21. Bxc5 Qxc5 22. Bd7 $16) 20. Bd2 Bh6 (20... Nf6 {
Ftacnik} 21. Re1 Ne8 22. Qe2 $16) 21. Be1 {Schwarz kann sich den Zug a4 nicht
sparen, weil sich seine Dame in einer gefährlichen Situation befindet.Ribli.}
a4 22. Qe2 Qa5 (22... Nf6 {Ftacnik} 23. f3 Ra5 24. Bf1 Ncd7 25. Nb5 Qc5+ 26.
Bf2 Qb4 27. a3 Qb3 28. Nxd6 $18) 23. b4 axb3 24. axb3 Qa6 25. Qxa6 Nxa6 (25...
Rxa6 {Ftacnik} 26. b4 Na4 27. Nb5 Rd8 28. Ra1 $16) 26. Nb5 {Nach dem
Damentausch kommt Weiß zum Angriff am Damenflügel.Ribli.} Rfd8 27. b4 $14 {
The endgame is quite clearly horrible for black. Das Endspiel ist für Schwarz
ganz offenbar katastrophal.} Nf6 (27... Bf8 {Ftacnik} 28. Ra1 $16) 28. f3 Ne8 (
28... Be3+ 29. Kf1 Z0 $140 (29... Ne8 {Ftacnik} 30. Ke2 Bh6 31. Bf2 $16) 30.
Ke2) 29. Bf2 Rdb8 30. Bd7 {Wenn man sich diese Partie ansieht, hat man das
Gefühl, daß sich alle weißen Figuren stets in Schlüsselpositionen befinden und
keine der schwarzen Figuren eine Zukunft hat.Ribli.} Nac7 (30... Bf8 {Ftacnik}
31. Bc6 $18) 31. Ra1 $1 {Portisch spielt präzise wie eine Schweizer Uhr.Ribli.}
Rxa1 32. Rxa1 Bd2 (32... Nxb5 {Ftacnik} 33. Bxb5 Bd2 34. Ra4 Nc7 35. Bc6 b5 36.
Ra7 Ne8 37. Rxf7+ $18) 33. Nxc7 Nxc7 34. b5 Kg8 (34... Bb4 35. Ra7 Ne8 36. Bxe8
Rxe8 37. Rxf7+) (34... Ba5 35. Rc1) 35. Ra7 Ne8 36. Ra6 (36. Bxe8 Rxe8 37. Bxb6
(37. Rb7 $5 {Das scheint mir auch gut, aber welcher Schachspieler gibt in
dieser Stellung schon das Läuferpaar her? Ribli.}) (37. Rb7 {Ftacnik} Ra8 38.
Rxb6 $18) 37... Rb8 38. Ra6 $4 (38. Bc7 $4 Be3+) 38... Rxb6 39. Rxb6 Be3+ $19)
36... Nf6 (36... Nc7 {Ftacnik} 37. Rxb6 $18) 37. Bc6 Ba5 38. Kf1 (38. Rxa5 $5 {
Ftacnik} bxa5 39. Ba7 (39. b6 Kf8 40. b7 a4) 39... Rd8 40. b6 Nd7 41. b7 Nb8
42. Bb6 Rf8 43. Bc7 $18) 38... Kf8 39. Ke2 Ke7 40. Kd3 Rc8 (40... Kd8 41. Ra7)
41. Ra7+ Kf8 42. Kc4 Rb8 (42... Kg7 {Ftacnik} 43. Rb7 $18) 43. Kb3 Bd2 44. Ra6
Ke7 (44... Ba5 45. Rxa5 (45. Ka4 Kg7 46. Rxa5 bxa5 47. b6 $18) 45... bxa5 46.
Ka4 $18 (46. Ba7 {Ftacnik} Rd8 47. b6 Nd7 48. Ka4 $16)) 45. Bxb6 Nd7 46. Bf2 (
46. Ra7 {Ftacnik} Rxb6 47. Rxd7+ Kf8 48. Rxd6 $18) (46. Bxd7 {Ftacnik} Kxd7 47.
Ka4 $18) 46... Nc5+ 47. Kc4 $1 {Elegant!} Bh6 (47... Nxa6 48. bxa6 $18 (48.
bxa6 {Ftacnik} Rb4+ 49. Kd3 $18)) 48. Ra7+ (48. Bxc5 {Ftacnik} dxc5 49. b6 (49.
Kxc5 $6 Be3+ 50. Kc4 Bf2 $16) 49... Be3 50. Ra7+ Kf6 (50... Kd8 51. Rd7+ Kc8
52. b7+ $18) 51. b7 $18) 48... Kf6 49. Ra3 Bf8 (49... Ke7 {Ftacnik} 50. Bxc5
dxc5 51. Kxc5 Bd2 52. d6+ $18) 50. Be3 Kg7 51. Ra7 Kg8 52. Bd2 {Jetzt droht 53.
Ba5 und Bc7.} f5 (52... Kg7 {Ftacnik} 53. Ba5 Kg8 54. Bc7 Rc8 55. b6 $18) 53.
exf5 gxf5 54. Bg5 e4 55. fxe4 fxe4 (55... Nxe4 {Ftacnik} 56. Bd7 Nxg5 57. hxg5
Bg7 58. Be6+ Kh8 59. b6 $18) 56. Bf4 Nd3 (56... Rd8 {Ftacnik} 57. b6 $18) 57.
Be3 Nc5 58. Ra8 {Und Schwarz gab auf, weil er nichts gegen den weißen b-Bauern
unternehmen kann.Ribli. Eine strategische Partie aus einem Guß von Lajos
Portisch! Ribli.} (58. Ra8 {Ftacnik} Rb6 (58... Rxa8 59. Bxa8 Be7 60. b6 Bd8
61. Kb5 $18) 59. Bxc5 (59. Bh6 $18) 59... dxc5 60. d6 $18) 1-0

[Event "Prague Chip"]
[Site "Prague"]
[Date "1992.??.??"]
[Round "6"]
[White "Van der Sterren, Paul"]
[Black "Jansa, Vlastimil"]
[Result "1-0"]
[WhiteElo "2535"]
[BlackElo "2460"]
[Annotator "Ribli,Z"]
[PlyCount "73"]
[EventDate "1992.01.??"]
[EventType "tourn"]
[EventRounds "13"]
[EventCountry "CZE"]
[EventCategory "11"]
[SourceTitle "CBM 027"]
[Source "ChessBase"]
[SourceDate "1992.04.01"]
[SourceVersion "1"]
[SourceVersionDate "1992.04.01"]
[SourceQuality "1"]

1. d4 d6 2. Nf3 Bg4 3. c4 Bxf3 4. exf3 c6 5. Nc3 g6 6. Be2 Bg7 7. O-O Nf6 8.
Be3 O-O 9. d5 $1 $14 Nbd7 10. f4 Qa5 (10... cxd5 11. cxd5 Qa5 12. a3 Rfc8 13.
Bd4 $14 {Naumkin-Jansa Namestovo 1987 44/46}) 11. Rb1 Rfc8 12. b4 Qc7 13. Rc1
a5 14. dxc6 bxc6 15. b5 $1 c5 16. Bf3 Ra7 17. b6 $1 Qxb6 18. Rb1 Qa6 (18... Qd8
19. Nb5 Ra6 20. Bb7 $16) 19. Nb5 Raa8 20. Bxa8 Qxa8 21. Nc3 Bf8 22. Qa4 Nb8 23.
Rb5 Nc6 24. Nd5 Nd7 25. Rd1 Bg7 26. Rxa5 $1 Qb7 27. Ra6 Kf8 28. Qb5 Qxb5 29.
cxb5 Ncb8 30. Nb6 Nxb6 31. Rxb6 c4 32. Rb7 c3 33. Rc1 d5 34. Ba7 d4 35. Bxb8
Ke8 (35... d3 36. Rd7 $1 d2 37. Rxd2 $18) 36. Ba7 d3 37. Be3 1-0

[Event "Sarajevo Bosnia 32nd"]
[Site "Sarajevo"]
[Date "2002.05.23"]
[Round "2"]
[White "Sokolov, Ivan"]
[Black "Dizdarevic, Emir"]
[Result "1-0"]
[WhiteElo "2647"]
[BlackElo "2526"]
[Annotator "Ribli,Z"]
[PlyCount "83"]
[EventDate "2002.05.22"]
[EventType "tourn"]
[EventRounds "9"]
[EventCountry "BIH"]
[EventCategory "16"]
[SourceTitle "CBM 090"]
[Source "ChessBase"]
[SourceDate "2002.09.20"]
[SourceVersion "1"]
[SourceVersionDate "2002.09.20"]
[SourceQuality "1"]

1. d4 d6 2. Nf3 g6 3. c4 Bg7 4. Nc3 Bg4 {Mit diesem Zug vermeidet Schwarz die
theoretischen Hauptlinien, aber - nach meiner Meinung - hat er mit diesem Zug
wenig Hoffnung auf Ausgleich. Ich glaube die Alternativen 4...e5 und
hauptsächlich 4...Nf6 (mit Übergang zur Königsindischen Verteidigung) sind
besser.} 5. g3 (5. e3) 5... Qc8 {Dieser Damezug wurde schon in einigen Partien
gespielt, aber m.E. wäre es besser auf f3 zu nehmen.} (5... Qd7 6. Bg2 Bh3 7.
O-O Bxg2 8. Kxg2 Nf6 9. e4 Nc6 10. d5 Na5 11. Qe2 c5 12. e5 dxe5 13. Nxe5 Qc8
14. Bd2 O-O 15. Na4 {1-0 Ribli,Z-Ljubojevic,L/Las Palmas 1973/MCD (46)}) (5...
Bxf3 6. exf3 $14) 6. h3 Bd7 (6... Bxf3 7. exf3 $14 {In diesem Fall hat Weiß
Raumvorteil im Zentrum und das Läuferpaar.}) 7. e4 {Weiß hat eine starke
Zentrumsstellung, und es ist wahr, dass wegen Bd7-Qc8 es ist nicht leicht kurz
zu rochieren, aber das ist das einziges Motiv für Schwarz, ansonsten hat er
Entwicklungsprobleme.} (7. Bg2 a5 $6 8. e4 c6 9. Be3 e5 10. dxe5 dxe5 11. Na4
$16 {[%csl Rb6]} Ra6 12. c5 Be6 13. Nb6 Qc7 14. Ng5 {1-0 Unzicker,F-Laske,E/
AUT 2001/EXT 2002 (22)}) 7... Na6 (7... e5 8. Be3 Ne7 9. g4 O-O 10. d5 f5 11.
Nh2 b6 12. Rg1 a5 13. f3 Na6 14. Qd2 Nc5 15. h4 Rf7 16. h5 f4 17. Bf2 {1/2-1/2
Kozul,Z-Nikolic,Z/JUG 1989/CBM 13 (51)}) (7... Nc6 8. Be3 e5 9. d5 Nd4 $2 10.
Nxd4 exd4 11. Bxd4 Nf6 12. Qf3 Qd8 13. Bg2 O-O 14. O-O Re8 15. Rfe1 {1-0 Milov,
V-Summermatter,D/SUI 2000/EXT 2001 (20)}) 8. Bf4 $5 {Nach diesem Zug kann
Schwarz nicht e7-e5 spielen.} (8. Be3 $14) 8... c6 (8... c5 9. d5 $14) (8...
Nf6 9. e5 Nh5 10. Be3 $16 {[%csl Rh5]}) 9. Bg2 Nc7 10. Qd2 {Es scheint, dass
Weiß gar nicht kurz rochieren möchte - sein Plan ist die lange Rochade.} Ne6 {
Der Springer steht sehr unnatürlich auf e6, aber Schwarz hat schon
Entwicklungsprobleme.} (10... h5 11. O-O-O $16) 11. Be3 $14 {[%csl Rg8] Weiß
hat eine sehr starke Zentrumstellung, eine gesunde Entwicklung, während es für
Schwarz nicht leicht ist, die Entwicklung zu beenden. Besonders der g8N steht
schlecht.} c5 (11... Nf6 12. e5 $16) 12. d5 (12. dxc5 $6 Nxc5 $132) 12... Nd8 (
12... Nc7 13. e5 $36 (13. Bf4 $14)) 13. Bf4 $1 {[%cal Ge4e5] Der Läufer geht
zurück nach f4 - Schwarz muss immer mit dem Durchbruch e4-e5 rechnen.} f6 {
Dieser Zug scheint auf den ersten Blick sehr schlecht zu sein, aber Schwarz
möchte endlich seine Entwicklung mit Nf7 und Ngh6 beenden.} (13... Qc7 14. O-O
$14) 14. Qe2 $1 {[%mdl 32] Ein sehr starker profilaktischer Zug - Weiß möchte
Nf3-d2 ziehen und mit dem Läufer von f4 weggehen; dann ist das schwarze
Springermanöver (Nf7-Ne5) weniger gut, da Weiß den Springer von e5 mit f2-f4
verjagen kann.} (14. h4 Nf7 $14) 14... Nh6 {[%cal Gh6f7]} (14... Bh6 15. Be3
$14) 15. g4 Nhf7 16. Nd2 O-O 17. Be3 e5 (17... Bh6 18. Bxh6 (18. f4 e5 19. dxe6
Nxe6 20. Nd5 Qd8 21. O-O $14) 18... Nxh6 19. f4 e5 20. f5 $16 {Weiß hat großen
Raumvorteil.}) 18. f3 (18. dxe6 $6 Nxe6 $132 {[%cal Ge6d4]}) 18... Bh6 19. Bxh6
(19. h4 $14) 19... Nxh6 20. h4 Ndf7 $2 {[%mdl 8192]} (20... Kg7 $14) (20...
Nhf7 $14) 21. g5 $1 {[%csl Rf7,Rh6][%cal Gh1h6] Nach diesem Zug gewinnt Weiß
eine Figur - die schwarzen Springer stehen sehr unglücklich.} fxg5 22. hxg5 Ng4
(22... Nxg5 23. Rxh6 $18) 23. fxg4 Nxg5 {Schwarz hat nur einen Bauern für die
Figur, aber er kann auch den g4-Bauern gewinnen. Trotzdem hat Weiß großen
Materialvorteil.} 24. Qe3 Rf4 {Es scheint, dass Schwarz Gegenspiel am
Königsflügel bekommt, aber mit genauen Zügen sichert Weiß seinen Vorteil.} 25.
Ne2 Rxg4 $16 26. Bf3 (26. Bh3 Nxh3 27. Rxh3 $16 Rxe4 28. Nxe4 Bxh3 29. Nxd6 $1
(29. O-O-O $18) 29... Qf8 30. Qxh3 $18) 26... Nxf3+ 27. Nxf3 {Jetzt droht 28.
Qh6 mit sofortigem Gewinn.} Qd8 28. O-O-O Qe7 29. Rdg1 Rf8 (29... b5 30. Rxg4
Bxg4 31. cxb5 $18) (29... Rxg1+ 30. Qxg1 b5 31. Ng5 h5 32. Ne6 $18) 30. Ng5 h5
31. Ne6 $1 {Weiß gibt einen weiteren Bauern, aber er bekommt eine technische
Gewinnstellung.} Bxe6 32. dxe6 Qxe6 33. Rxg4 Qxg4 (33... Qxc4+ 34. Kd2 hxg4 35.
Qh6 $18) (33... hxg4 34. Qh6 $18) 34. Rg1 Qe6 (34... Rf3 35. Qh6 (35. Rxg4 Rxe3
36. Rxg6+ Kf7 37. Rg2 Rxe4 $132) 35... Qxg1+ 36. Nxg1 Rf1+ 37. Kc2 Rxg1 38. Qd2
$18 {[%cal Rd2d6]}) 35. Nc3 {[%csl Yd5][%cal Gc3d5,Re3h6]} Kh7 36. Nd5 {
[%csl Gd5]} Rf7 37. Qg5 {[%csl Gd5,Gg1,Gg5]} Rf8 38. Kb1 Rf7 39. a4 (39. a3)
39... b6 40. Ka1 $22 $18 {Weiß bringt seinen König in eine ruhige Position -
Schwarz befindet sich in Zugzwang.} Rf3 (40... Rb7 41. Nf6+ $18) (40... Rf8 41.
Ne7 $18) 41. Ne7 {[%csl Rg6]} Rf6 42. Nf5 (42. Nf5 Qf7 (42... Kg8 43. Qxh5 $18)
43. Qh6+ Kg8 44. Qxh5 $18) 1-0